[Event "EYCC 2024 - G14"]
[Site "?"]
[Date "2024.08.25"]
[Round "4.16"]
[White "Jakubse, Tamae Severina"]
[Black "Wagner, Cosima Thien-An"]
[Result "1-0"]
[BlackElo "1766"]
[WhiteElo "1904"]
[LiveChessVersion "1.4.8"]

1. e4 {[%clk 1:30:58]} c5 {[%clk 1:30:58]} 2. Nf3 {[%clk 1:31:21]} g6
{[%clk 1:31:25]} 3. d4 {[%clk 1:31:45]} cxd4 {[%clk 1:31:51]} 4. Nxd4
{[%clk 1:32:10]} Bg7 {[%clk 1:32:18]} 5. g3 {[%clk 1:32:30]} Nc6 {[%clk 1:32:38]}
6. Ne2 {[%clk 1:32:56]} Nf6 {[%clk 1:32:51]} 7. Nbc3 {[%clk 1:33:21]} O-O
{[%clk 1:32:19]} 8. Bg2 {[%clk 1:32:56]} d6 {[%clk 1:31:12]} 9. O-O
{[%clk 1:33:20]} Rb8 {[%clk 1:24:57]} 10. a4 {[%clk 1:33:40]} Ne5
{[%clk 1:21:31]} 11. h3 {[%clk 1:19:05]} b6 {[%clk 1:13:42]} 12. b3
{[%clk 1:17:04]} Bb7 {[%clk 1:12:18]} 13. Ra2 {[%clk 1:16:22]} Ned7
{[%clk 1:07:21]} 14. Nd5 {[%clk 1:09:22]} Nc5 {[%clk 1:03:21]} 15. Bg5
{[%clk 1:05:04]} Bxd5 {[%clk 1:02:10]} 16. exd5 {[%clk 1:05:04]} Qc7
{[%clk 0:56:31]} 17. c4 {[%clk 1:03:37]} h6 {[%clk 0:51:34]} 18. Be3
{[%clk 1:00:50]} Nfd7 {[%clk 0:44:32]} 19. Nd4 {[%clk 0:50:44]} Rbc8
{[%clk 0:39:48]} 20. f4 {[%clk 0:44:19]} Nb8 {[%clk 0:37:23]} 21. h4
{[%clk 0:34:41]} Nba6 {[%clk 0:33:54]} 22. Bh3 {[%clk 0:31:24]} Rce8
{[%clk 0:29:48]} 23. h5 {[%clk 0:24:44]} Nb4 {[%clk 0:25:51]} 24. Rg2
{[%clk 0:24:17]} Kh7 {[%clk 0:20:51]} 25. Qb1 {[%clk 0:19:12]} Bf6
{[%clk 0:18:38]} 26. g4 {[%clk 0:18:22]} Kg7 {[%clk 0:11:27]} 27. g5
{[%clk 0:17:26]} hxg5 {[%clk 0:11:33]} 28. fxg5 {[%clk 0:15:00]} Be5
{[%clk 0:11:32]} 29. Bf5 {[%clk 0:02:22]} gxf5 {[%clk 0:05:13]} 30. Nxf5+
{[%clk 0:02:16]} Kh8 {[%clk 0:05:14]} 31. g6 {[%clk 0:02:24]} Rg8
{[%clk 0:03:29]} 32. Nh6 {[%clk 0:02:30]} Bf6 {[%clk 0:02:08]} 33. Nxf7+
{[%clk 0:02:49]} Kg7 {[%clk 0:02:30]} 34. Bh6# {[%clk 0:03:12]} 1-0